Countries that were Part of the United States - Statistics

General Stats
  • This quiz has been taken 197 times
  • The average score is 4 of 6
Answer Stats
Start End Countries % Correct
1899 1946 Philippines
88%
1803 1846 Canada
78%
1947 1994 Palau
59%
1947 1986 Marshall Islands
57%
1947 1986 Micronesia
57%
1904 1979 Panama
52%
No matching quizzes found
Score Distribution
Percent of People with Each Score
Percentile by Number Answered
Your Score History
You have not taken this quiz